A Manual of Business Laws (Record no. 943)
[ view plain ]
| 000 -LEADER | |
|---|---|
| Fixed length control field | 00505nam a2200181 4500 |
| 003 - CONTROL NUMBER IDENTIFIER | |
| Control field | SEACOMMC |
| 005 - DATE AND TIME OF LATEST TRANSACTION | |
| Control field | 20241227162309.0 |
| 008 - FIXED-LENGTH DATA ELEMENTS--GENERAL INFORMATION | |
| Fixed length control field | 241227b |||||||| |||| 00| 0 eng d |
| 020 ## - INTERNATIONAL STANDARD BOOK NUMBER / ISBN | |
| International Standard Book Number | 978-93-5024-741-9 |
| Price | Rs.425.00 |
| 040 ## - CATALOGING SOURCE | |
| Original cataloging agency | SEACOMMC |
| 082 ## - DEWEY DECIMAL CLASSIFICATION NUMBER | |
| Classification number | 346.065 |
| Book Number | M 214 |
| 100 ## - MAIN ENTRY--PERSONAL NAME | |
| Personal name | Maheshwari, S N |
| 245 1# - TITLE STATEMENT | |
| Title | A Manual of Business Laws |
| Statement of responsibility | S N Maheshwari & S K Maheshwari |
| 250 ## - EDITION STATEMENT | |
| Edition statement | 2nd rev.ed. |
| 260 ## - IMPRINT | |
| Place of publication | Mumbai |
| Name of publisher | Himalaya Publishing House |
| Date of publication | 2006 |
| 650 ## - SUBJECT ADDED ENTRY--TOPICAL TERM | |
| Topical term | Business Law |
| 942 ## - ADDED ENTRY ELEMENTS (KOHA) | |
| Koha item type | Books |
| Withdrawn status | Lost status | Source of classification | Damaged status | Not for loan | Home library | Current library | Shelving location | Date acquired | Total Checkouts | Call number | Accession number | Date last seen | Price effective from | Koha item type | Copy number |
|---|---|---|---|---|---|---|---|---|---|---|---|---|---|---|---|
| Dewey Decimal Classification | SEACOM MANAGEMENT COLLEGE | SEACOM MANAGEMENT COLLEGE | Reference | 15/12/2007 | 346.065 M 214 | M-1373 | 27/12/2024 | 27/12/2024 | Books | ||||||
| Dewey Decimal Classification | SEACOM MANAGEMENT COLLEGE | SEACOM MANAGEMENT COLLEGE | 15/12/2007 | 346.065 M 214 | M-1374 | 27/12/2024 | 27/12/2024 | Books | 1 | ||||||
| Dewey Decimal Classification | SEACOM MANAGEMENT COLLEGE | SEACOM MANAGEMENT COLLEGE | 15/12/2007 | 346.065 M 214 | M-1375 | 27/12/2024 | 27/12/2024 | Books | 2 |
